| 000 | 01514nam a22002417a 4500 | ||
|---|---|---|---|
| 999 |
_c63752 _d63752 |
||
| 003 | Ge_BSU | ||
| 005 | 20251222181539.0 | ||
| 008 | 251222s2021 ge ||||| |||| 00| 0 geo d | ||
| 020 | _a9789941329159 | ||
| 041 | _ageo | ||
| 080 | _a821.133.1-31 ბ-44 | ||
| 100 |
_aბეგბედერი, ფრედერიკ _911672 |
||
| 245 |
_a99 ფრანკი : _b[რომანი] / _cფრედერიკ ბეგბედერი; თინათინ ღარიბაშვილის თარგმანი; რედაქტორი ელენე სალარიძე; ყდის დიზაინი ეთერ გზირიშვილი. |
||
| 264 |
_aთბილისი : _bპალიტრა L, _c2021. |
||
| 300 |
_a 208 გვ. ; _b22 სმ. |
||
| 490 |
_a50 წიგნი, რომელიც უნდა წაიკითხო, სანამ ცოცხალი ხარ, 1987-9628 ; _vწიგნი 11 |
||
| 501 | _aშენიშვნები: გვ. 201-203. | ||
| 653 | _aფრანგული პროზა -- თარგმანები ქართულ ენაზე | ||
| 700 |
_aღარიბაშვილი, თინათინ _eმთარგმნელი _918085 |
||
| 700 |
_aსალარიძე, ელენე _e რედაქტორი _95199 |
||
| 700 |
_aგზირიშვილი, ეთერ _eყდის დიზაინერი _926583 |
||
| 942 |
_2udc _cᲬᲘᲒᲜᲘ |
||